Consideraciones generales acerca de la actual situación económica en El Salvador

Guardat en:
Dades bibliogràfiques
Format: Text
Publicat: s.l.: s.e.
Etiquetes: Afegir etiqueta
Sense etiquetes, Sigues el primer a etiquetar aquest registre!

MARC

LEADER 00000 a a2200000 04500
001 21371
003
040
090 |a 093900  
245 |a Consideraciones generales acerca de la actual situación económica en El Salvador  
260 |a s.l.:   |b s.e.  
300 |a 76 p.  
999 |c 12200  |d 12200